Costos, beneficios y riesgos de la simplificación del Proyecto 22 de Resolución Técnica (Registro nro. 11737)

Detalles MARC
000 -LEADER
fixed length control field 00354 a2200109 4500
001 - CONTROL NUMBER
control field ART_7244
005 - DATE AND TIME OF LATEST TRANSACTION
control field 20260410161623.0
008 - FIXED-LENGTH DATA ELEMENTS--GENERAL INFORMATION
fixed length control field 260409a
100 1# - MAIN ENTRY--PERSONAL NAME
Personal name Zgaib, Alfredo O.
245 10 - TITLE STATEMENT
Title Costos, beneficios y riesgos de la simplificación del Proyecto 22 de Resolución Técnica
773 0# - HOST ITEM ENTRY
Title Enfoques
Related parts - Nº 12 (dic. 2011)
Record control number REV416

No hay ítems disponibles.